| 000 | 01094 a2200253 4500 | ||
|---|---|---|---|
| 005 | 20080909101040.0 | ||
| 008 | 080909t xxu||||| |||| 00| 0 hin d | ||
| 010 | _aHIN-80214 | ||
| 020 |
_a8190220128 _c750.00 |
||
| 035 | _aHN-52560 | ||
| 037 | _bD.B.Act / pub | ||
| 082 | _aउ | ||
| 100 | _aप्रेमचन्द | ||
| 245 |
_aरंगभूमि _cप्रेमचन्द |
||
| 246 |
_aRangbhoomi _bby Premchand |
||
| 260 |
_aदिल्ली _bविशाल पुस्तक भंडार _c2006 |
||
| 270 |
_aएफ-14/28, मॉडल टाउन सेकेण्ड _bदिल्ली _c110009 |
||
| 300 |
_a576पृ _c22 सेमी(सजिल्द) |
||
| 490 | _a(प्रेमचन्द संग्रह-13) | ||
| 650 | _aहिन्दी उपन्यास | ||
| 650 | _aHindi Novel | ||
| 942 |
_adpl _cHN _kउ / प्रेमच _2ddc _hउ _m प्रेमच |
||
| 999 |
_c5247 _d5247 |
||